First Capital Alphabetically A-Z - Statistics

General Stats
  • This quiz has been taken 31 times
  • The average score is 13 of 24
Answer Stats
Letter Answer % Correct
A Abu Dhabi
79%
Z Zagreb
79%
O Oslo
75%
Q Quito
71%
U Ulaanbaatar
71%
W Warsaw
67%
C Cairo
63%
I Islamabad
63%
J Jakarta
63%
H Hanoi
58%
R Rabat
58%
B Baghdad
54%
G Gaborone
50%
P Palikir
46%
V Vaduz
46%
D Dakar
42%
K Kabul
42%
N Nairobi
42%
T Taipei
42%
F Freetown
38%
M Madrid
38%
L La Paz
33%
Y Yaounde
33%
S San Jose
29%
No matching quizzes found
Score Distribution
Percent of People with Each Score
Percentile by Number Answered
Your Score History
You have not taken this quiz